| 000 | 00447nam a22001697a 4500 | ||
|---|---|---|---|
| 005 | 20251108170743.0 | ||
| 008 | 250721s1999 xx 000 0 ara d | ||
| 082 | 1 | 4 | _a00.65/بيد |
| 100 | 1 | _aبيدرسون، تيد | |
| 245 | 1 | 0 | _aالإنترنت للأولاد / |
| 264 | 1 |
_aعمان : _bدار الجيل، _c1999. |
|
| 300 | _a215ص | ||
| 650 | 1 | 7 | _aالحواسيب |
| 650 | 1 | 7 | _aالإنترنت |
| 942 |
_2ddc _cBK |
||
| 999 |
_c48197 _d48197 |
||